Identifikačné systémy

Guardado en:
Detalles Bibliográficos
Autor principal: Jánoš, Michal (Autor)
Otros Autores: Talanda, Miroslav, 1944- (Orientador)
Formato: Manuscrito Libro
Lenguaje:eslovaco
Publicado: Bratislava : STU v Bratislave FIIT, 2005
Materias:
Etiquetas: Agregar Etiqueta
Sin Etiquetas, Sea el primero en etiquetar este registro!

MARC

LEADER 00000ntm a22000003a 4500
001 stu141081
005 20170220101819.5
008 070509s2005----xo------------------slo-d
040 |a STU  |b slo 
041 0 |a slo 
044 |a xo 
100 1 |a Jánoš, Michal  |4 aut 
245 1 |a Identifikačné systémy 
260 |a Bratislava :  |b STU v Bratislave FIIT,  |c 2005 
300 |a 57 s  |c príl. 
650 7 |a počítačové systémy a siete  |2 stusub 
700 1 |a Talanda, Miroslav,  |d 1944-  |4 ths  |u E070  |U FEI Fakulta elektrotechniky a informatiky  |T FEI Ústav telekomunikácií  |X 1979  |U E070  |Y 818  |7 A000001979 
996 |b IZP34/05  |c I*ZP34/05  |l II680  |s A  |a 24  |w stu141081_0001